Guía laboral y de asuntos sociales 2004 (Record no. 110171)
[ view plain ]
| 000 -LEADER | |
|---|---|
| campo de control de longitud fija | 01003cam a2200205 4500 |
| 001 - NÚMERO DE CONTROL | |
| campo de control | 21374 |
| 005 - FECHA Y HORA DE LA ÚLTIMA TRANSACCIÓN | |
| campo de control | 20230411085951.0 |
| 008 - DATOS DE LONGITUD FIJA--INFORMACIÓN GENERAL | |
| campo de control de longitud fija | 060907n2004 sp spa |
| 020 ## - NÚMERO INTERNACIONAL ESTÁNDAR DEL LIBRO | |
| Número Internacional Estándar del Libro | 8484171612 |
| 035 ## - NÚMERO DE CONTROL DEL SISTEMA | |
| -- | funglode21533 |
| 041 ## - CÓDIGO DE IDIOMA | |
| Código de lengua del texto/banda sonora o título independiente | spa |
| 245 00 - MENCIÓN DEL TÍTULO | |
| Título | Guía laboral y de asuntos sociales 2004 |
| 260 ## - PUBLICACIÓN, DISTRIBUCIÓN, ETC. | |
| Lugar de publicación, distribución, etc. | Madrid : |
| Nombre del editor, distribuidor, etc. | Ministerio de Trabajo y Asuntos Sociales, |
| Fecha de publicación, distribución, etc. | 2004 |
| 300 ## - DESCRIPCIÓN FÍSICA | |
| Extensión | 768 p. |
| 520 ## - RESUMEN, ETC. | |
| Sumario, etc. | Empleo, fomento del empleo, formacion ocupacional, contratacion, relaciones laborales, negociacion colectiva, prestaciones por desempleo, cotizacion a la seguridad social, pensiones de la seguridad Social, actuaciones dirigidas al menor y la familia, actuaciones dirigidas a la juventud, actuaciones dirigidas a la mujer, actuaciones dirigidas a personas mayores, actuaciones dirigidas a los discapacitados, actuaciones dirigidas a colectivos desfavorecidos |
| 650 00 - PUNTO DE ACCESO ADICIONAL DE MATERIA--TÉRMINO DE MATERIA | |
| Término de materia o nombre geográfico como elemento de entrada | HV 343 |
| Término de materia que sigue a un nombre geográfico como elemento de entrada | G943 2004 |
| 650 #0 - PUNTO DE ACCESO ADICIONAL DE MATERIA--TÉRMINO DE MATERIA | |
| Término de materia o nombre geográfico como elemento de entrada | Social service |
| Subdivisión geográfica | Spain. |
| 653 ## - TÉRMINO DE INDIZACIÓN--NO CONTROLADO | |
| Término no controlado | Servicios sociales |
| -- | España |
| 942 ## - ELEMENTOS DE ENTRADA SECUNDARIOS (KOHA) | |
| Fuente del sistema de clasificación o colocación | Clasificación de Library of Congress |
| Tipo de ítem Koha | |
| Estatus retirado | Estado de pérdida | Fuente del sistema de clasificación o colocación | Estado de daño | No para préstamo | Colección | Biblioteca de origen | Biblioteca actual | Ubicación en estantería | Fecha de adquisición | Código de barras | Visto por última vez | Copia número | Tipo de ítem Koha |
|---|---|---|---|---|---|---|---|---|---|---|---|---|---|
| Clasificación de Library of Congress | Automatización y Procesos Técnicos | Biblioteca Juan Bosch | Biblioteca Juan Bosch | Automatización y Procesos Técnicos (1er. Piso) | 17/02/2019 | 00000020768 | 17/02/2019 | 1 |
